000 00230nam a2200085Ia 4500
008 120527s9999 xx 000 0 und d
100 _aBARTON, David
245 _aThe strand an ox drawn cultivator for small farm systems
942 _cBK
999 _c25194
_d25194